000 00290nam a2200121 i 4500
001 bg
245 0 _aDoskonalenie skupu, obrotu i klasyfikacji bydła rzeźnego.
260 _aPoznań,
_c1981.
040 _cBPK
041 _apol
942 _cKS
008 s pl f |000 0 pol
999 _c20662
_d20662
856 _uhttp://koha.tu.koszalin.pl/cgi-bin/koha/opac-detail.pl?biblionumber=20662
_yKatalog online BPK